| 000 | 00464nam a2200181Ia 4500 | ||
|---|---|---|---|
| 005 | 20240823044926.0 | ||
| 008 | 240823s9999||||xx |||||||||||||| ||und|| | ||
| 020 | _a978-0-19-568525-1 | ||
| 041 | _aENGLISH | ||
| 082 | _A572.8633 P7 | ||
| 100 | _aArthur M Lesk | ||
| 245 | 0 | _aIntroduction to Bioinformatics | |
| 250 | _a2nd | ||
| 260 |
_c2007 _bOxford University _aNew Delhi |
||
| 500 | _aYES | ||
| 650 |
_aBioinformatics _bBio Medical Engg. |
||
| 942 | _cBK | ||
| 999 |
_c213759 _d213759 |
||